000 00386nam a22001697a 4500
003 UA-OsUOA
001 2937
007 ta
008 20050721b un ||||| |||| 00| 0 ukr d
100 _aGarthoff
700 _aRaymond L.
942 _cBK
040 _aUA-OsUOA
_cUA-OsUOA
_dUA-OsUOA
245 _aDeferrence and the revol. Sov. military doctrine.
_bArmy
955 _a2
650 7 _2UDC
999 _c289099
_d289099